| 000 | 01646nam0a22003371 4500 | ||
|---|---|---|---|
| 001 | rc\2810319 | ||
| 005 | 20250529181825.0 | ||
| 035 | _a(NLR Aleph) 006936184 | ||
| 090 |
_a7598579 _c7598579 |
||
| 100 | _a20110915d1936 |||y0rusy50 ca | ||
| 101 | 0 | _arus | |
| 102 | _aRU | ||
| 105 | _aab z ||||| | ||
| 200 | 1 |
_aГеологическое строение Юговосточного Памира _fС. И. Клунников, А. П. Недзвецкий, П. Д. Виноградов _gРед. коллегия: В. Н. Васильев, акад. Н. И. Горбунов, И. Ф. Григорьев... и др. _gОтв. ред. П. К. Чихачев |
|
| 210 |
_aЛенинград _cТаджик.-Памирск. экспедиция _d1936 _gтип. им. Володарского |
||
| 215 |
_aОбл., 58 с., 2 вкл. л. черт., карт. _cил. |
||
| 225 | 1 |
_aТруды Экспедиции _fАкад. наук СССР. Таджик.-Памирск. экспедиция 1934 г. Центр. науч.-иссл. геол.-развед. ин-т _vВып. 64 |
|
| 320 | _aБиблиогр.: "Список лит-ры" (с. 56-57) | ||
| 700 | 1 |
_aКлунников _bС.И. _f1906-1943 _gСергей Иванович |
|
| 701 | 1 |
_aНедзвецкий _bА.П. |
|
| 701 | 1 |
_aВиноградов _bП.Д. |
|
| 702 | 1 |
_aГорбунов _bН.И. _4340 |
|
| 702 | 1 |
_aГригорьев _bИ.Ф. _4340 |
|
| 702 | 1 |
_aЧихачев _bП.К. _4340 |
|
| 702 | 1 |
_aВасильев _bВ.Н. _4340 |
|
| 801 | 0 |
_aRU _bNLR _gpsbo |
|
| 801 | 1 |
_aRU _bELAR _2rusmarc |
|
| 852 |
_aNLR _j34-19/257-64 |
||
| 942 | _cBOOK | ||
| 980 | _aNB | ||